Municipis de la comarca de la Selva (Catalunya) - Statistics

General Stats
  • This quiz has been taken 493 times
  • The average score is 19 of 26
Answer Stats
Hint Answer % Correct
SCF Santa Coloma de Farners
93%
B Blanes
90%
LM Lloret de Mar
88%
TM Tossa de Mar
85%
H Hostalric
84%
SHS Sant Hilari Sacalm
84%
MS Maçanet de la Selva
82%
A Anglès
80%
A Arbúcies
78%
A Amer
76%
FS Fogars de la Selva
76%
CM Caldes de Malavella
75%
S Sils
74%
V Vidreres
74%
B Breda
72%
M Massanes
71%
SFB Sant Feliu de Buixalleu
68%
VO Vilobí d'Onyar
68%
RS Riudellots de la Selva
66%
O Osor
65%
R Riudarenes
64%
CT La Cellera de Ter
61%
RV Riells i Viabrea
58%
SJLB Sant Julià del Llor i Bonmatí
57%
B Brunyola
56%
S Susqueda
55%
No matching quizzes found
Score Distribution
Percent of People with Each Score
Percentile by Number Answered
Your Score History
You have not taken this quiz